| 000 | 00500nam a2200193Ia 4500 | ||
|---|---|---|---|
| 005 | 20240823012722.0 | ||
| 008 | 240823s9999||||xx |||||||||||||| ||und|| | ||
| 020 | _a81-7008-311-7 | ||
| 041 | _aENGLISH | ||
| 082 | _A620.106 P3 | ||
| 100 | _aBansal R K | ||
| 245 | 2 | _aA Text Book of Fluid Mechanics and Hydraulic Machines : S I Units | |
| 250 | _a8th | ||
| 260 |
_c2003 _b"Laxmi,New " _aNew Delhi |
||
| 500 | _aTRANSFERED | ||
| 650 |
_aMechanics _bMechanical |
||
| 942 | _cBK | ||
| 999 |
_c165199 _d165199 |
||